The Financial development report 2009.

Bibliographic Details
Corporate Author: World Economic Forum
Format: Book
Published: Geneva: World Economic Forum, 2009.
Subjects:
LEADER 00454cam a2200157 7i4500
001 0000024687
005 20100623090000.0
020 0 0 |a 978-92-95044-27-2  
090 0 0 |a I 332.1   |b WOR 
110 2 0 |a World Economic Forum 
245 2 4 |a The Financial development report 2009. 
260 0 0 |a Geneva:   |b World Economic Forum,   |c 2009. 
300 # # |a 365 p. 
650 0 0 |a Economic development  
650 0 0 |a Finance  
999 |a 0000027122  |b Book  |c International  |e Business Information Centre